Deep ecology for the twenty-first century / (Record no. 18445)

000 -LEADER
fixed length control field 00633cam a2200181 a 4500
020 ## - INTERNATIONAL STANDARD BOOK NUMBER
ISBN 1570620490 (alk. paper) :
040 ## - CATALOGING SOURCE
Transcribing agency DLC
082 00 - DEWEY DECIMAL CLASSIFICATION NUMBER
Classification number 363 DUS 1995 C145 Or.
245 00 - TITLE STATEMENT
Title Deep ecology for the twenty-first century /
250 ## - EDITION STATEMENT
Edition statement 1st ed.
260 ## - PUBLICATION, DISTRIBUTION, ETC. (IMPRINT)
Place of publication Boston :
Name of publisher Shambhala ;
Place of publication [New York, N.Y.] :
Name of publisher Distributed in the United States by Random House,
Year of publication c1995.
300 ## - PHYSICAL DESCRIPTION
Number of Pages xxviii, 488 p. :
Other physical details ill. ;
Dimensions 23 cm.
500 ## - GENERAL NOTE
General note Cover title: Deep ecology for the 21st century.
650 #0 - SUBJECT ADDED ENTRY--TOPICAL TERM
Topical Term Deep ecology.
700 1# - ADDED ENTRY--PERSONAL NAME
Personal name Sessions, George,
856 42 - ELECTRONIC LOCATION AND ACCESS
Uniform Resource Identifier http://www.loc.gov/catdir/enhancements/fy0664/94013967-d.html
942 ## - ADDED ENTRY ELEMENTS (KOHA)
Koha item type ADB
952 ## - LOCATION AND ITEM INFORMATION (KOHA)
Withdrawn status [LOCAL, KOHA] 0
Holdings
Source of acquisition Permanent Location Date acquired Koha item type Lost status Shelving location Current Location Full call number
A38623Library Block C2019-12-02សៀវភៅភាសាអង់គ្លេស C145Library Block C363 DUS 1995 C145 Or.
មជ្ឈមណ្ឌលឯការនៃសាកលវិទ្យាល័យភូមិន្ទកសិកម្មចំការដូង

Powered by Koha